000 01058nmm a2200313 a 4500
001 ocm0001864491
003 TR-IsHL
005 20201028171347.0
008 180310s2017 tu tur
007 cr cn
020 _a9789752475199
035 _a1864491
_b(N$T)
050 0 4 _aRJ505.A7
_bD55 2017
090 0 4 _aRJ505.A7
_bD55 2017
100 1 _aDilci, Tuncay
245 1 0 _aÇocuk resimlerini okuyabilmek
_h[electronic resource] /
_cTuncay Dilci
250 _aİkinci basım
260 _aKonya :
_bEğitim Yayınevi,
_c2017
300 _a223 p.
500 _aKaynakça var.
_x
650 4 _aFelsefe, Psikoloji ve Din
650 4 _aPhilosophy, Psychology and Religion
650 0 _aÇocuk çizimleri
_x Psikolojik açıdan
650 0 _aChildren's drawings
_x Psychological aspects
650 0 _aÇocuklar için sanat terapisi
650 0 _aArt therapy for children
650 7 _aPSYCHOLOGY / Developmental / Child
_2bisacsh
856 4 0 _uhttp://search.ebscohost.com/login.aspx?direct=true&scope=site&db=e011xww&AN=1864491
999 _c16688
_d16688